000 00866nam a22002177a 4500
003 OSt
005 20191007120947.0
008 180226b xxu||||| |||| 00| 0 spa d
020 _a9501412245
040 _cPJ
100 _92262
_aCouture, Eduardo J.
245 1 0 _aIntroduccción al estudio del proceso civil /
_cEduardo J. Couture.
260 _aBuenos Aires :
_bDepalma,
_c1988.
300 _a102 p. ;
_c20 cm.
505 _aContenido: La acción en la justicia -- La defensa en juicio -- El proceso -- La sentencia -- Apéndice: Debate con ocasión de la última conferencia, realizada el 6 de abril de 1949, bajo la presidencia del profesor Henri Solus.
650 0 _91148
_aDERECHO PROCESAL CIVIL
650 0 _92401
_aPROCESO JUDICIAL
650 0 _91953
_aPROCEDIMIENTO CIVIL
650 0 _92095
_aSENTENCIA
942 _2udc
_cLIB
_h347.91/.95
_iCOU
999 _c1599
_d1599